000
00313 a2200133 4500
000
nam a22 7a 4500
100
_a
Manish Tiwari
110
_a
Manish Tiwari
245
_a
China-India Military Confrontation
250
_a
latest edition
260
_b
editor
_c
2024
264
_b
editor
_c
2024
942
_c
BK
999
_c
395559
_d
395559